000 00775nam a2200277Ia 4500
003 OSt
005 20221006142421.0
006 a|||||r|||| 00| 0
007 ta
008 221006b |||||||| |||| 00| 0 eng d
020 _c£12.50
024 _a6,333
037 _cTextual
040 _aEASL
_cEASL
_beng
041 _2eng
_aeng
082 _aV495:19436.N8, M1
100 _aPARK Jae Kyu Ed.
_9647696
245 0 _aKorea and Indonesia
_b Toward inter-regional cooperation
260 _aSeoul
_bInstitute For Far Eastern Studies Korea
_c1981
300 _a141p.
_ccm.
490 _v KEL
650 _a Economic relationship
_9647697
650 _aKEL
942 _hV495:19436.N8, M1
_cTEXL
_2CC
999 _c1074419
_d1074419